| 000 | 01114cam a2200289 i 4500 | ||
|---|---|---|---|
| 001 | 200464730 | ||
| 003 | TR-AnTOB | ||
| 005 | 20250703102816.0 | ||
| 007 | ta | ||
| 008 | 190402s2018 tu a 000 0 tur d | ||
| 020 | _a9786052954577 | ||
| 040 |
_aTR-AnTOB _beng _erda _cTR-AnTOB |
||
| 041 | _atur | ||
| 050 |
_aAG195 _b.R63 2018 |
||
| 090 |
_aJUN AG195 _b.R63 2018 |
||
| 245 | 0 | 0 |
_aRobotlar hapşırabilir mi? : _bbilim yolunda eğlenceli adımlar kitabı / _cyayına hazırlayan Cumhur Öztürk. |
| 264 | 1 |
_aİstanbul : _bİş Bankası Kültür Yayınları , _c2018. |
|
| 300 |
_a109 pages: _bpictures; _c26 cm |
||
| 336 |
_atext _2rdacontent. |
||
| 505 | _aİlk'lerin ve En'leri Eğlenerek Öğrenmek DOĞAN HIZLAN; Dünyanın Doğası; Dünyanın Dengesi; Dünyanın En'leri; Dünyanın Bilgisi; Türkiye'nin Bilgisi; Bilişim Dünyası. | ||
| 521 | _aİlkokul 2.3,4. sınıf ; Ortaokul 5,6,7,8. sınıf. | ||
| 650 | 7 |
_aSorular ve cevaplar _2etuturkob _9135661 |
|
| 650 | 4 | _aİlginç bilgiler. | |
| 700 | 1 |
_aÖztürk, Cumhur, _eyayına hazırlayan. |
|
| 942 |
_2lcc _cBK |
||
| 999 |
_c200464730 _d82942 |
||